| 000 | 00561cab a2200205 4500 | ||
|---|---|---|---|
| 001 | WB2717-03 | ||
| 008 | 090401t1991 xxu||||| |||| 00| 0 eng d | ||
| 035 | _a(Sirsi) u64740 | ||
| 041 | _aeng | ||
| 245 | _aTimber frame come-back | ||
| 260 | _c1991 | ||
| 350 | _a0 | ||
| 490 |
_aScotsman _v27/4/91 p6 |
||
| 520 | _aA feature on the use of timber frame in buildings in Scotland . | ||
| 650 | _aTIMBER FRAME BUILDINGS | ||
| 650 | _aTRADA QUALITY ASSURANCE SCHEME | ||
| 690 | _aBUILT ENVIRONMENT-CONSTRUCTION DESIGN | ||
| 942 | _n0 | ||
| 948 | _c04/03/1997 | ||
| 999 |
_c40336 _d40336 |
||